Green Hydrogen as a Key Tool for the Energy Transformation of the Visegrad Group
Všetky krajiny Vyšehradskej skupiny prijali národné stratégie rozvoja vodíkového sektora s cieľom dosiahnuť klimatickú neutralitu do roku 2050. Podpora európskych politík, ako je Zelená dohoda a REPowerEU zdôrazňuje význam vodíka v globálnej energetickej transformácii. Cieľom tejto stratégie je zabe...
Saved in:
| Main Author: | |
|---|---|
| Format: | Book Chapter |
| Language: | English |
| Subjects: | |
| Tags: |
No Tags, Be the first to tag this record!
|
MARC
| LEADER | 00000naa$a2200000$$$4500 | ||
|---|---|---|---|
| 001 | 0312130 | ||
| 005 | 20250924093534.2 | ||
| 041 | 0 | |a eng | |
| 044 | |a SK | ||
| 245 | 1 | 0 | |a Green Hydrogen as a Key Tool for the Energy Transformation of the Visegrad Group |c Olha Brynko |
| 520 | |a Všetky krajiny Vyšehradskej skupiny prijali národné stratégie rozvoja vodíkového sektora s cieľom dosiahnuť klimatickú neutralitu do roku 2050. Podpora európskych politík, ako je Zelená dohoda a REPowerEU zdôrazňuje význam vodíka v globálnej energetickej transformácii. Cieľom tejto stratégie je zabezpečiť zelenú budúcnosť, zvýšiť energetickú bezpečnosť a vytvoriť nové ekonomické príležitosti. | ||
| 610 | 2 | 0 | |a vodík |
| 610 | 2 | 0 | |a transformácia |
| 610 | 2 | 0 | |a transformácia energetická |
| 610 | 2 | 0 | |a energia |
| 610 | 2 | 0 | |a energia zelená |
| 610 | 2 | 0 | |a dekarbonizácia |
| 610 | 2 | 0 | |a Vyšehradská štvorka |
| 100 | 1 | |a Brynko, Olha, 1988- | |